Statistiken für Filmquiz 2

Klicken Sie hier um das Quiz zu spielen!

Allgemein

  • Dieses Quiz wurde 86 mal gespielt
  • Das Durchschnittsergebnis liegt bei 10 aus 18

Antwortstatistiken

FrageAntwort% Korrekt
Was macht laut Dr. Emmet Brown Reisen in die Zeit überhaupt erst möglich (Zurück in die Zukunft)?Fluxkompensator
84%
Wie kam Han Solo in den Besitz des Millenium Falcon?er hat ihn beim Kartenspiel gewonnen
79%
In „Ghostbusters“ dürfen die 4 Helden laut Zool ihren Zerstörer wählen. 3 der Helden denken an nichts. An was denkt Ray?Marshmallow-Mann
78%
Wie löst Jack Traven in „Speed“ die komplexe Situation, als der irre Payne eine Geisel nimmt und diese bedroht?er schießt auf die Geisel
65%
Wie heißt Balboas Gegner in Rocky IV?Ivan Drago
65%
Welcher berühmte Rockstar spielt Jack Sparrows Vater in „Fluch der Karibik“?Keith Richards
64%
Wie hieß das geheime Regierungsprogramm, bei dem Jason Bourne teilnahm?Treadstone
64%
Was spielt Marty McFly am Schluss von „Zurück in die Zukunft“ auf der Gitarre?Johnny B. Good
62%
Welches weihnachtliche Lied läuft sowohl bei Stirb Langsam 1 und 2 im Abspann?Let it snow
61%
Rambo benutzt zum Töten nicht nur Gewehre und Messer sondern auch…Pfeil und Bogen
58%
Wie heißt Neo in der Matrix?Thomas Anderson
56%
In „The Dark Knight“ lässt der Joker die Justiz ausschalten. Wie stirbt der schwarze Commissioner?er wird vergiftet
52%
Wie heißt der Faceman aus A-Team richtig?Tempelton Peck
52%
In einer frühen Version von „Zurück in die Zukunft“ war die Zeitmaschine…ein Kühlschrank
45%
Indiana Jones hat Angst vor Schlangen! Vor was hat sein Vater Angst?Ratten
40%
Welche Sportart übt der Chef von Mike und Marcus in „Bad Boys“ gerade aus, als er beiden erklärt, dass sie für einige Zeit ihre Rollen tauschen müssen?Basketball
39%
Im Film „Im Körper des Feindes“ überreicht Castor Troy alias Sean Archer seiner Tochter einer Waffe zum Schutz. Was gibt er ihr?Butterfly
32%
Warum flog Joe Hallenback in „Last Boy Scout” als Leibwächter des Senators raus?er schlug den Senator
32%

Verteilung der Resultate

Perzentil nach korrekt beantworteten Fragen

Anzahl Personen mit jedem Resultat

Ihre Resultats-Entwicklung

Sie haben dieses Quiz noch nicht gespielt